000 00207nam a22000977a 4500
003 OSt
008 210114b ||||| |||| 00| 0 eng d
100 _aKittunni, C. A
_94470
245 _aKallarekha
942 _cBK
999 _c16492
_d16492